| 000 | 00848nam a2200265 a 4500 | ||
|---|---|---|---|
| 001 | 63722 | ||
| 003 | BD-RjUL | ||
| 005 | 20211209081227.0 | ||
| 008 | 170202s1964 enkaf 001 0 eng | ||
| 035 | _a(BD-RjUL)63851 | ||
| 040 |
_aDLC _cDLC _dBD-RjUL _beng |
||
| 041 | _aeng | ||
| 082 | 0 | 0 |
_a821 _223 _bYEP 1964 |
| 100 | 1 |
_aYeats, W. B. _q(William Butler), _d1865-1939. _9189197 |
|
| 245 | 1 | 4 |
_aThe poems of W.B. Yeats / _cW B Yeats; A Norman Jeffares |
| 250 | _a1st de. | ||
| 260 |
_aNew York : _bPrinted at the Thistle Press for the members of the Limited Editions Club, _cc1962 [reprinted 1964] |
||
| 300 |
_axviii, 135 p. : _bill. ; _c29 cm. |
||
| 504 | _aInclude Bibliography, | ||
| 650 |
_aEnglish poetry. _9179095 |
||
| 651 | 0 |
_aIreland _vPoetry. _9189198 |
|
| 700 |
_aJeffares A Norman _9189199 |
||
| 942 |
_2ddc _cBK |
||
| 999 |
_c63722 _d63722 |
||